=LDR 00000nam 2200000 4500 =001 INLIS000000001052719 =005 20240923093539 =035 ##$$a 0010-0924000258 =007 ta =008 240923###########################0###### =082 ##$$a 028.418 07 =084 ##$$a 028.418 07 NEN g =100 #$$a Nengah Istiqomah =245 1#$$a Gebyar Literasi Sekolah : Praktik Baik Gerakan Literasi dan Sekolah Penggerak / Nengah Istiqomah =260 ##$$a Sukoharjo :$b Osae Pustaka,$c 2022 =300 ##$$a viii. 179 Halaman : $b ilustrasi ; $c 21 cm =500 ##$$a Biografi : Halaman 179 =650 #4$$a Buku dan Bacaan Sekolah =990 ##$$a 21282128 =990 ##$$a 243/53/2024